| 000 | 00442nam a2200181Ia 4500 | ||
|---|---|---|---|
| 008 | 180207s9999 xx 000 0 und d | ||
| 020 | _a9780062185068 | ||
| 050 | _bC278 2005 | ||
| 100 | _aCarle, Eric. | ||
| 245 | _a10 little rubber ducks/ | ||
| 245 | _cEric Carle. | ||
| 250 | _aFirst edition. | ||
| 260 | _aMassachusettes : | ||
| 260 | _bHarperCollins, | ||
| 260 | _c2005 | ||
| 300 | _aunpaged : | ||
| 300 | _bcolor illustration ; | ||
| 999 |
_c355043 _d355043 |
||